Rainbow Six Siege (r6) Year 8 - Statistics

General Stats
  • This quiz has been taken 68 times
  • The average score is 49 of 68
Answer Stats
Base Attack Answer % Correct
FBI Ash
94%
Recruit Recruit
94%
SAS Sledge
92%
SAS Thatcher
92%
GIGN Doc
90%
SAS Mute
90%
SAS Smoke
90%
FBI Thermite
88%
GSG9 Blitz
86%
FBI Castle
86%
GIGN Montagne
86%
FBI Pulse
86%
GIGN Rook
86%
Spetsnaz Fuze
84%
Spetsnaz Glaz
84%
Spetsnaz Kapkan
84%
Spetsnaz Tachanka
84%
GIGN Twitch
82%
Black Ice Buck
80%
Skull Rain Caveira
80%
Black Ice Frost
80%
White Noise Vigil
80%
GSG9 IQ
78%
Red Crow Echo
76%
Chimera Lion
76%
GSG9 Bandit
74%
Velvet Shell Jackal
74%
GSG9 Jäger
74%
Velvet Shell Mira
74%
White Noise Dokkaebi
72%
Red Crow Hibana
72%
Dust Line Valkyrie
72%
Chimera Finka
70%
Brutal Swarm Grim
70%
Wind Bastion Kaid
70%
Wind Bastion Nomad
70%
Solar Raid Solis
70%
Phantom Sight Warden
70%
Blood Orchid Ying
70%
Steel Wave Ace
68%
Para Bellum Maestro
68%
Burnt Horizon Mozzie
68%
Phantom Sight Nøkk
68%
Skull Rain Capitão
66%
Burnt Horizon Gridlock
66%
Dust Line Black Beard
64%
Grim Sky Clash
64%
Shifting Tides Kali
64%
Vector Glare Sens
64%
Ember Rise Amaru
62%
Blood Orchid Ela
62%
Crimson Heist Flores
62%
Blood Orchid Lesion
62%
Void Edge Oryx
62%
Crystal Guard Osa
62%
Shifting Tides Wamai
62%
Para Bellum Alibi
60%
Void Edge Iana
60%
Neon Dawn Aruni
58%
Grim Sky Maverick
58%
High Calibre Thorn
58%
Shadow Legacy Zero
58%
Ember Rise Goyo
56%
Steel Wave Melusi
56%
Blood Orchid Zofia
56%
Demon Veil Azami
54%
Commanding Force Brava
54%
North Star Thunderbird
54%
No matching quizzes found
Score Distribution
Percent of People with Each Score
Percentile by Number Answered
Your Score History
You have not taken this quiz